000 02071cam a22004814i 4500
003 PE-LiUPU
005 20250731173118.0
008 200102s2000 ag r 000 0 spa d
020 _a9505737866
020 _a9789505737864
035 _a(Sirsi) a252784
040 _aPE-LiUPU
_bspa
_cPE-LiUPU
_erda
049 _aPRUA
082 0 4 _a243
_bE61
_220
100 1 _aEngelkemier, Joe,
_eautor.
245 1 0 _aGrandes oraciones de la biblia y quienes las elevaron /
_cJoe Engelkemier.
264 1 _aBuenos Aires :
_bAsociación Casa Editora Sudamericana,
_c2000.
300 _a126 páginas ;
_c20 centímetros
336 _atext
_2rdacontent
337 _aunmediated
_2rdamedia
338 _avolume
_2rdacarrier
505 0 _aLa oración modelo, y el modelo para todos los que oran: Cristo -- Oraciones de esperanza: Job -- Una oración de súplica: Moisés -- Oraciones de triunfo: Ana y María -- Oraciones de penitencia: David -- Una oración por la habitación divina: Salomón -- Oraciones por reformas: Elías -- Oraciones de desesperación: Ezequías -- Oraciones de intercesión: Daniel -- La oración: Escuchemos a Jesús -- La oración sumo sacerdotal: Jesús -- Oraciones en favor de la iglesia: Pablo -- Oraciones de alabanza: El Apocalipsis.
526 _aSEG42
526 _aSEG41
526 _aSEG40
526 _aSEG39
526 _aP94
526 _aP87
526 _aP86
526 _aP85
526 _aP77
526 _aP76
526 _aP35
650 0 4 _aOraciones.
910 _adbm
_bncf
_cncf
_d20200102
942 _2ddc
_cBOOK
994 _aC0
_bPEPRU
596 _a1
999 _a243 E61
_wDEWEY
_c32006
_i57521
_f2021-11-10
_g2
_lCCODEBUL1
_mBUL
_p9.00
_r0
_sY
_tBOOK
_u2020-1-2
_xTEOLOGIA
_PP35
_0COMPRA
_o.STAFF. Colección Teología
_d32006
999 _a243 E61
_wDEWEY
_c2
_i74740
_f2021-11-10
_g2
_lCCODEBUL1
_mBUL
_p9.00
_r0
_sY
_tBOOK
_u2020-1-2
_xTEOLOGIA
_PP35
_0COMPRA
_o.STAFF. Colección Teología
980 _81
_gALBERTO SANCHEZ Responsable de Automatización